RED VELVET all songs(April 2026 update) - Statistics

General Stats
  • This quiz has been taken 953 times
    79 since last reset
  • The average score is 89 of 157
Answer Stats
Hint Answer % Correct
Ice Cream Cake Ice Cream Cake
100%
Russian Roulette Russian Roulette
98%
1st Single Happiness
96%
The Red Dumb Dumb
93%
The Perfect Red Velvet Bad Boy
91%
Cosmic Cosmic
91%
RBB RBB(Really Bad Boy)
91%
The Red Summer Red Flavor
91%
Rookie Rookie
91%
Chill Kill Chill Kill
87%
#Cookie Jar #Cookie Jar
87%
Monster (Red Velvet - IRENE & SEULGI) Monster
87%
2nd Single Be Natural
84%
Perfect Velvet Peek-A-Boo
84%
The Reve Festival Day 3 Psycho
84%
Ice Cream Cake Automatic
82%
The Red Day 1
82%
The Reve Festival 2022 - Feel My Rhythm Feel My Rhythm
82%
The Reve Festival 2022 - Birthday Birthday
80%
Perfect Velvet Kingdom Come
80%
Summer Magic Power Up
80%
Queendom Queendom
80%
TILT (Red Velvet - IRENE & SEULGI) TILT
80%
The Velvet One Of These Nights
78%
Sappy Sappy
78%
The Reve Festival Day 1 Zimzalabim
78%
The Red Summer Zoo
78%
The Reve Festival Day 2 Umpah Umpah
76%
Rookie Body Talk
73%
The Reve Festival 2022 - Feel My Rhythm In My Dreams
71%
Rookie Talk To Me
71%
Chill Kill Underwater
71%
Bloom WILDSIDE
71%
The Reve Festival 2022 - Birthday ZOOM
71%
Perfect Velvet Attaboy
69%
Russian Roulette Bad Dracula
69%
The Red Lady's Room
69%
Monster (Red Velvet - IRENE & SEULGI) Naughty
69%
RBB So Good
69%
The Reve Festival 2022 - Feel My Rhythm BAMBOLEO
67%
Summer Magic Blue Lemonade
67%
RBB Butterflies
67%
Ice Cream Cake Candy
67%
Chill Kill Iced Coffee
67%
The Reve Festival Day 3 In & Out
67%
The Reve Festival Day 2 Ladies Night
67%
The Reve Festival Day 3 La Rouge
67%
Summer Magic Mosquito
67%
The Red Oh Boy
67%
Perfect Velvet Perfect 10
67%
The Reve Festival 2022 - Birthday BYE BYE
64%
The Red Campfire
64%
Perfect Velvet Look
64%
The Red Red Dress
64%
Ice Cream Cake Somethin Kinda Crazy
64%
Ice Cream Cake Take It Slow
64%
The Red Time Slip
64%
Cosmic Bubble
62%
Chill Kill Bulldozer
62%
The Red Huff n Puff
62%
Russian Roulette Lucky Girl
62%
Ice Cream Cake Stupid Cupid
62%
Cosmic Sunflower
62%
Chill Kill Will I Ever See You Again?
62%
The Reve Festival Day 2 Carpool
60%
Russian Roulette Fool
60%
The Reve Festival 2022 - Feel My Rhythm Good, Bad, Ugly
60%
The Red Summer Hear The Sea
60%
Chill Kill Knock Knock (Who's There?)
60%
The Velvet Light Me Up
60%
Rookie Little Little
60%
Cosmic Love Arcade
60%
The Reve Festival Day 1 LP
60%
Queendom Pose
60%
The Reve Festival Day 1 Sunny Side Up!
60%
The Reve Festival 2022 - Feel My Rhythm Beg For Me
58%
The Reve Festival 2022 - Birthday Celebrate
58%
The Velvet Cool Hot Sweet Love
58%
The Red Don't U Wait No More
58%
Perfect Velvet I Just
58%
Cosmic Last Drop
58%
The Red Summer Mojito
58%
Perfect Velvet My Second Date
58%
Cosmic Night Drive
58%
RBB Sassy Me
58%
The Red Summer You Better Know
58%
The Red Cool World
56%
Monster (Red Velvet - IRENE & SEULGI) Diamond
56%
The Reve Festival Day 2 Eyes Locked, Hands Locked
56%
The Reve Festival Day 2 Jumpin'
56%
The Reve Festival Day 2 Love Is The Way
56%
Chill Kill One Kiss
56%
The Reve Festival 2022 - Feel My Rhythm Rainbow Halo
56%
Sappy Sayonara
56%
The Perfect Red Velvet All Right
53%
The Reve Festival Day 1 Milkshake
53%
Russian Roulette My Dear
53%
Chill Kill Nightmare
53%
The Reve Festival Day 1 Parade
53%
Queendom Pushin' N Pullin'
53%
The Velvet Rose Scent Breeze
53%
Chill Kill Scenery
53%
Russian Roulette Sunny Afternoon
53%
The Perfect Red Velvet Time To Love
53%
Chill Kill Wings
53%
Perfect Velvet About Love
51%
Rookie Happily Ever After
51%
Monster (Red Velvet - IRENE & SEULGI) Jelly
51%
Summer Magic Mr.E
51%
The Reve Festival 2022 - Birthday On A Ride
51%
RBB Taste
51%
TILT (Red Velvet - IRENE & SEULGI) Girl Next Door
49%
Queendom Knock On Wood
49%
Perfect Velvet Moonlight Melody
49%
The Reve Festival Day 3 Remember Forever
49%
TILT (Red Velvet - IRENE & SEULGI) Trampoline
49%
#Cookie Jar Aitai-tai
47%
Queendom Better Be
47%
The Reve Festival Day 1 Bing Bing
47%
Queendom Hello, Sunset
47%
Summer Magic Hit That Drum
47%
Bloom Marionette
47%
Cosmic (Repackage Album) Sweet Dreams
47%
Sappy Swimming Pool
47%
The Velvet First Time
44%
Rookie Last Love
44%
Other Releases Milky Way
44%
Summer Magic WIth You
44%
#Cookie Jar ‘Cause It’s You
42%
TILT (Red Velvet - IRENE & SEULGI) Heaven
42%
Russian Roulette Some Love
42%
Other Releases Would U
42%
2022 Winter SMTOWN : SMCU PALACE Beautiful Christmas
40%
Bloom Jackpot
40%
Bloom Snap Snap
40%
Monster (Red Velvet - IRENE & SEULGI) Feel Good
38%
TILT (Red Velvet - IRENE & SEULGI) Irresistible
38%
Other Releases Rebirth
38%
Bloom Color of Love
36%
Monster (Red Velvet - IRENE & SEULGI) Uncover
36%
Other Releases Wish Tree
36%
TILT (Red Velvet - IRENE & SEULGI) What’s Your Problem?
33%
Other Releases Future
27%
2025 SMTOWN : THE CULTURE, THE FUTURE Run Devil Run
27%
Other Releases Close To Me
18%
2022 Winter SMTOWN : SMCU PALACE Time After Time
18%
2022 Winter SMTOWN : SMCU PALACE Hot & Cold
13%
Other Releases Yossism
9%
2021 Winter SMTOWN : SMCU EXPRESS Hope from KWANGYA
7%
Other Releases Goodbye
4%
2025 SMTOWN : THE CULTURE, THE FUTURE Thank You
4%
2022 Winter SMTOWN : SMCU PALACE The Cure
4%
Other Releases I will leave
2%
Other Releases Just Sing
2%
Other Releases See The Stars
2%
2021 Winter SMTOWN : SMCU EXPRESS Snow Dream 2021
2%
Other Releases To get what your heart wants
2%
No matching quizzes found
Score Distribution
Percent of People with Each Score
Percentile by Number Answered
Your Score History
You have not taken this quiz since the last reset